Sejarah hidup Nabi Muhammad / (Record no. 1325)
[ view plain ]
| 000 -LEADER | |
|---|---|
| fixed length control field | nam a22 7a 4500 |
| 005 - DATE AND TIME OF LATEST TRANSACTION | |
| control field | 20170509100917.0 |
| 008 - FIXED-LENGTH DATA ELEMENTS--GENERAL INFORMATION | |
| fixed length control field | 170509b1995 io ||||| |||| 00| 0 may d |
| 020 ## - INTERNATIONAL STANDARD BOOK NUMBER | |
| International Standard Book Number | 9798100026 |
| 040 ## - CATALOGING SOURCE | |
| Original cataloging agency | AKMAL |
| 082 ## - DEWEY DECIMAL CLASSIFICATION NUMBER | |
| Classification number | 297.63 HAE |
| 090 ## - LOCALLY ASSIGNED LC-TYPE CALL NUMBER (OCLC); LOCAL CALL NUMBER (RLIN) | |
| Classification number (OCLC) (R) ; Classification number, CALL (RLIN) (NR) | 297.63 |
| Local cutter number (OCLC) ; Book number/undivided call number, CALL (RLIN) | HAE |
| 100 1# - MAIN ENTRY--PERSONAL NAME | |
| Personal name | Haekal, Muhammad Husain |
| 9 (RLIN) | 2609 |
| 245 10 - TITLE STATEMENT | |
| Title | Sejarah hidup Nabi Muhammad / |
| Statement of responsibility, etc. | Muhammad Husain Haekal ; diterjemahkan oleh Ali Audah |
| 250 ## - EDITION STATEMENT | |
| Edition statement | Edisi ke-18 |
| 260 ## - PUBLICATION, DISTRIBUTION, ETC. | |
| Place of publication, distribution, etc. | Jakarta |
| Name of publisher, distributor, etc. | Litera AntarNusa |
| Date of publication, distribution, etc. | Jun, 1995 |
| 300 ## - PHYSICAL DESCRIPTION | |
| Extent | 697ms |
| Dimensions | 22cm |
| 504 ## - BIBLIOGRAPHY, ETC. NOTE | |
| Bibliography, etc. note | Includes bibliographical references and index |
| 600 00 - SUBJECT ADDED ENTRY--PERSONAL NAME | |
| Personal name | Muhammad, |
| Titles and other words associated with a name | Prophet, |
| Dates associated with a name | -632 |
| 9 (RLIN) | 1135 |
| 650 10 - SUBJECT ADDED ENTRY--TOPICAL TERM | |
| Topical term or geographic name entry element | Islam |
| 9 (RLIN) | 922 |
| 942 ## - ADDED ENTRY ELEMENTS (KOHA) | |
| Source of classification or shelving scheme | |
| Koha item type | Book |
| Withdrawn status | Lost status | Source of classification or shelving scheme | Damaged status | Not for loan | Collection code | Home library | Current library | Shelving location | Date acquired | Inventory number | Total Checkouts | Full call number | Barcode | Date last seen | Price effective from | Koha item type |
|---|---|---|---|---|---|---|---|---|---|---|---|---|---|---|---|---|
| NON-FICTION | AKMAL Melaka | AKMAL Melaka | PINJAMAN | 09.05.2017 | 00471 | 297.63 HAE | 201702519 | 09.05.2017 | 09.05.2017 | Book |
